[Event "12. Lovsprings EMT Basis 1 2001"]
[Site "Ringsted"]
[Date "2001.03.02"]
[Round "1"]
[White "Henriksen, Kasper"]
[Black "Olsen, Morten Henrik"]
[Result "1-0"]
[WhiteElo "1818"]
[BlackElo "1735"]
[PlyCount "47"]
[EventDate "2001.??.??"]

1. e4 e6 2. d4 d5 3. e5 c5 4. c3 Nc6 5. Nf3 Qb6 6. a3 cxd4 7. cxd4 Be7 8. Nc3
a6 9. b4 f6 10. Bd3 fxe5 11. dxe5 Qc7 12. Bb2 Nh6 13. Rc1 Qb8 14. O-O Nf7 15.
Re1 Ncxe5 16. Nxe5 Nxe5 17. Qh5+ Nf7 18. Nxd5 exd5 19. Bxg7 Rf8 20. Rxe7+ Kxe7
21. Qh4+ Ke6 22. Qf6+ Kd7 23. Bf5+ Ke8 24. Re1+ 1-0

[Event "12. Lovsprings EMT Basis 1 2001"]
[Site "Ringsted"]
[Date "2001.03.02"]
[Round "1"]
[White "Nielsen, Carl Otto"]
[Black "Hansen, Morten Lyck"]
[Result "0-1"]
[WhiteElo "1718"]
[BlackElo "1748"]
[PlyCount "70"]
[EventDate "2001.??.??"]

1. d4 Nf6 2. c4 g6 3. Nc3 d5 4. cxd5 Nxd5 5. e4 Nxc3 6. bxc3 Bg7 7. Bc4 O-O 8.
Be3 c5 9. Ne2 Nc6 10. O-O Bg4 11. f3 Na5 12. Bxf7+ Rxf7 13. fxg4 Rxf1+ 14. Kxf1
Qd7 15. h3 Rf8+ 16. Kg1 Qe6 17. e5 Qd5 18. Nf4 Qe4 19. Qd3 Rxf4 20. Qxe4 Rxe4
21. Kf2 cxd4 22. cxd4 Nc4 23. Bg5 Rxd4 24. Bxe7 Bxe5 25. Rc1 b5 26. a4 bxa4 27.
Bc5 a3 28. Bxd4 Bxd4+ 29. Ke2 a2 30. Kd3 a1=Q 31. Rxa1 Bxa1 32. Kxc4 Kf7 33. g5
Ke6 34. g4 Ke5 35. h4 Kf4 0-1

[Event "12. Lovsprings EMT Basis 1 2001"]
[Site "Ringsted"]
[Date "2001.03.02"]
[Round "1"]
[White "Holst, John"]
[Black "Jensen, Karsten"]
[Result "0-1"]
[WhiteElo "1711"]
[BlackElo "1727"]
[PlyCount "58"]
[EventDate "2001.??.??"]

1. e4 c5 2. b3 Nc6 3. Bb2 e5 4. Bc4 Nf6 5. d3 a6 6. Nf3 d6 7. Ng5 d5 8. exd5
Nxd5 9. Nxf7 Kxf7 10. Qf3+ Ke6 11. Nc3 Nce7 12. a4 b6 13. O-O Bb7 14. Rfe1 Ng6
15. Re2 Be7 16. Rae1 Bf6 17. Qg3 Kd6 18. Ne4+ Kc7 19. d4 Ndf4 20. Rd2 Bxe4 21.
Rxe4 cxd4 22. Bf7 Qd6 23. c3 Qc6 24. Qf3 Nh4 25. Rxf4 Nxf3+ 26. Rxf3 e4 27. Rg3
d3 28. c4 Bxb2 29. Rxb2 Qf6 0-1

[Event "12. Lovsprings EMT Basis 1 2001"]
[Site "Ringsted"]
[Date "2001.03.02"]
[Round "1"]
[White "Mortensen, Orla Lind"]
[Black "Madsen, Morten"]
[Result "0-1"]
[WhiteElo "1660"]
[BlackElo "1868"]
[PlyCount "58"]
[EventDate "2001.??.??"]

1. e4 e5 2. Bc4 Bc5 3. Nf3 d6 4. O-O Nc6 5. c3 Qf6 6. d3 Bg4 7. Nbd2 h6 8. Qb3
Bb6 9. h3 Bh5 10. Qc2 Nge7 11. b4 g5 12. g4 Bg6 13. Bb2 h5 14. Kg2 Qf4 15. Rg1
hxg4 16. hxg4 Qxg4+ 17. Kf1 Qh3+ 18. Ke1 g4 19. Rg3 Qh1+ 20. Ng1 Rh2 21. Rxg4
Rxf2 22. d4 Rg2 23. Rxg2 Qxg2 24. Ngf3 exd4 25. cxd4 d5 26. Bf1 Qg3+ 27. Kd1
dxe4 28. Ne5 Nxe5 29. dxe5 O-O-O 0-1

[Event "12. Lovsprings EMT Basis 1 2001"]
[Site "Ringsted"]
[Date "2001.03.09"]
[Round "2"]
[White "Holst, John"]
[Black "Rasmussen, Henning"]
[Result "0-1"]
[WhiteElo "1711"]
[BlackElo "1846"]
[PlyCount "86"]
[EventDate "2001.??.??"]

1. e4 e6 2. d4 d5 3. e5 c5 4. Nf3 Nc6 5. c3 Qb6 6. a3 Nh6 7. b4 cxd4 8. Bxh6
gxh6 9. cxd4 a6 10. Bd3 Bd7 11. Bc2 Bg7 12. O-O f5 13. exf6 Bxf6 14. Ne5 Qxd4
15. Qh5+ Kd8 16. Nxc6+ bxc6 17. Ra2 Qc4 18. Qf3 Qxa2 19. Qxf6+ Kc7 20. Qe5+ Kb7
21. Ba4 Rhg8 22. Qd6 Rg7 23. Rc1 Rc8 24. h3 Rf7 25. Qc5 Qb2 26. Rd1 Rcf8 27.
Nd2 Rxf2 28. Bc2 Qg7 29. g4 Qe5 30. Qxf2 Rxf2 31. Kxf2 Qh2+ 32. Ke3 Qxh3+ 33.
Kd4 Qxg4+ 34. Ke5 Qg3+ 35. Kd4 Qg7+ 36. Kd3 e5 37. Nb3 Bf5+ 38. Kc3 Bxc2 39.
Nc5+ Kc8 40. Kxc2 Qg6+ 41. Kb3 Qg3+ 42. Ka4 Qg2 43. Ka5 Qe2 0-1

[Event "12. Lovsprings EMT Basis 1 2001"]
[Site "Ringsted"]
[Date "2001.03.09"]
[Round "2"]
[White "Olsen, Morten Henrik"]
[Black "Holst, Peter Stein"]
[Result "0-1"]
[WhiteElo "1735"]
[BlackElo "1842"]
[PlyCount "80"]
[EventDate "2001.??.??"]

1. e4 c5 2. Nf3 e6 3. d4 cxd4 4. Nxd4 Nf6 5. Nc3 Bb4 6. e5 Ne4 7. Bd2 Qb6 8.
Nxe4 Qxd4 9. Qe2 Bxd2+ 10. Nxd2 Qxb2 11. Rb1 Qxc2 12. Qg4 O-O 13. Bc4 Nc6 14.
f4 Na5 15. Be2 b6 16. h4 Bb7 17. Rh3 Qg6 18. Qg5 Qxg5 19. hxg5 Bxg2 20. Rh2 Bd5
21. Kf2 g6 22. Bf3 Bxf3 23. Kxf3 Kg7 24. Rh6 Rh8 25. Rbh1 Kf8 26. Ne4 Nc4 27.
Nf6 Ke7 28. Rd1 d6 29. Ke4 Rad8 30. Rdh1 dxe5 31. fxe5 Rd2 32. Nxh7 Rxa2 33.
Nf6 Rd8 34. Rh8 Rad2 35. R8h7 Re2+ 36. Kf3 Re3+ 37. Kg2 Rd2+ 38. Kf1 Rd1+ 39.
Kf2 Rxh1 40. Rxh1 Rxe5 0-1

[Event "12. Lovsprings EMT Basis 1 2001"]
[Site "Ringsted"]
[Date "2001.03.09"]
[Round "2"]
[White "Jensen, Karsten"]
[Black "Henriksen, Kasper"]
[Result "1/2-1/2"]
[WhiteElo "1727"]
[BlackElo "1818"]
[PlyCount "48"]
[EventDate "2001.??.??"]

1. d4 Nf6 2. Nf3 g6 3. Bg5 Bg7 4. e3 O-O 5. Nbd2 d5 6. c4 c6 7. Bd3 dxc4 8.
Nxc4 Nbd7 9. b4 b6 10. Rc1 Bb7 11. O-O h6 12. Bh4 Nd5 13. Nd6 Qb8 14. Nxb7 Qxb7
15. a3 Rfc8 16. Qb3 e6 17. Bg3 a5 18. e4 N5f6 19. Rfe1 axb4 20. axb4 Qa7 21.
Be5 Qa3 22. Rb1 c5 23. bxc5 bxc5 24. Bb5 cxd4 1/2-1/2

[Event "12. Lovsprings EMT Basis 1 2001"]
[Site "Ringsted"]
[Date "2001.03.09"]
[Round "2"]
[White "Nielsen, Carl Otto"]
[Black "Mortensen, Orla Lind"]
[Result "1-0"]
[WhiteElo "1718"]
[BlackElo "1660"]
[PlyCount "29"]
[EventDate "2001.??.??"]

1. d4 Nf6 2. c4 e5 3. dxe5 Ng4 4. Bf4 Nc6 5. Nf3 Qe7 6. Nc3 Ngxe5 7. Nxe5 Nxe5
8. Nd5 Qd6 9. c5 Qxc5 10. Bxe5 d6 11. Rc1 Qa5+ 12. Bc3 Qxa2 13. Nxc7+ Kd8 14.
Nxa8 Bd7 15. Ra1 1-0

[Event "12. Lovsprings EMT Basis 1 2001"]
[Site "Ringsted"]
[Date "2001.03.09"]
[Round "2"]
[White "Hansen, Morten Lyck"]
[Black "Madsen, Morten"]
[Result "1/2-1/2"]
[WhiteElo "1748"]
[BlackElo "1868"]
[PlyCount "38"]
[EventDate "2001.??.??"]

1. e4 e5 2. Nf3 f5 3. Nxe5 Qf6 4. d4 d6 5. Nc4 fxe4 6. Be2 d5 7. Ne3 c6 8. O-O
Bd6 9. c4 Ne7 10. cxd5 cxd5 11. Nc3 Nbc6 12. Ncxd5 Nxd5 13. Nxd5 Qxd4 14. Be3
Qxd1 15. Rfxd1 Be5 16. f4 exf3 17. Bxf3 O-O 18. Rd2 Bf5 19. Rad1 Rae8 1/2-1/2

[Event "12. Lovsprings EMT Basis 1 2001"]
[Site "Ringsted"]
[Date "2001.03.16"]
[Round "3"]
[White "Olsen, Morten Henrik"]
[Black "Rasmussen, Henning"]
[Result "1/2-1/2"]
[WhiteElo "1735"]
[BlackElo "1846"]
[PlyCount "117"]
[EventDate "2001.??.??"]

1. e4 e6 2. d4 d5 3. exd5 exd5 4. Bd3 Bd6 5. Ne2 Ne7 6. O-O O-O 7. Nd2 Bf5 8.
Nf3 f6 9. c3 Qd7 10. Ng3 Bxd3 11. Qxd3 Nbc6 12. Bd2 Rae8 13. Rae1 Nd8 14. Re2
Bxg3 15. hxg3 Ng6 16. Rfe1 Rxe2 17. Rxe2 Re8 18. Rxe8+ Qxe8 19. Qf5 Qe6 20.
Qxe6+ Nxe6 21. Ne1 Ne7 22. Nd3 c6 23. f3 Kf7 24. Kf2 h5 25. a4 Nf5 26. b4 Nd6
27. Bf4 Nc4 28. Bc1 g5 29. Ke2 Ke7 30. Be3 b6 31. Bf2 Ng7 32. Nc1 Nf5 33. Nb3
Nfd6 34. Be1 Nb7 35. Bd2 a6 36. Bc1 Kd6 37. Na1 Ke6 38. Nc2 Nbd6 39. Ne1 Nf5
40. Kf2 Nfd6 41. Nd3 Nb7 42. Ke2 Kd6 43. f4 g4 44. f5 Ke7 45. Nf4 Nbd6 46. Nxh5
Nxf5 47. Kf2 Nfd6 48. Ke2 Ne4 49. Kd3 Kf7 50. Kc2 Kg6 51. Nf4+ Kf5 52. b5 axb5
53. axb5 cxb5 54. Nxd5 Nxg3 55. Kd3 Nh5 56. Bh6 Kg6 57. Bc1 Kf5 58. Bh6 Kg6 59.
Bc1 1/2-1/2

[Event "12. Lovsprings EMT Basis 1 2001"]
[Site "Ringsted"]
[Date "2001.03.16"]
[Round "3"]
[White "Madsen, Morten"]
[Black "Henriksen, Kasper"]
[Result "0-1"]
[WhiteElo "1868"]
[BlackElo "1818"]
[PlyCount "86"]
[EventDate "2001.??.??"]

1. d4 Nf6 2. Bg5 Ne4 3. Bf4 c5 4. f3 Qa5+ 5. c3 Nf6 6. d5 d6 7. e4 Nbd7 8. Nd2
g6 9. Nc4 Qc7 10. a4 b6 11. Bd3 Bg7 12. Rc1 a6 13. Ne3 Rb8 14. Qe2 O-O 15. h4
Nh5 16. Bh2 Be5 17. g4 Bg3+ 18. Bxg3 Nxg3 19. Qg2 Nxh1 20. f4 b5 21. axb5 axb5
22. Nf3 c4 23. Bb1 Qc5 24. Ke2 b4 25. Rxh1 bxc3 26. bxc3 Rb2+ 27. Bc2 Nf6 28.
Nd4 h5 29. gxh5 Nxh5 30. Kf3 Rb7 31. Qg5 e5 32. fxe5 dxe5 33. Qxe5 f6 34. Qh2
f5 35. exf5 gxf5 36. Rg1+ Kh8 37. Qe5+ Nf6 38. Rg6 Re7 39. Rh6+ Kg8 40. Qg3+
Ng4 41. Nexf5 Qxd5+ 42. Kxg4 Rg7+ 43. Kh5 Rxg3 0-1

[Event "12. Lovsprings EMT Basis 1 2001"]
[Site "Ringsted"]
[Date "2001.03.16"]
[Round "3"]
[White "Mortensen, Orla Lind"]
[Black "Holst, John"]
[Result "0-1"]
[WhiteElo "1660"]
[BlackElo "1711"]
[PlyCount "104"]
[EventDate "2001.??.??"]

1. e4 e6 2. d4 b6 3. Nf3 Bb7 4. Bd3 c5 5. c3 cxd4 6. cxd4 Nf6 7. Nc3 Bb4 8. Qc2
Nc6 9. O-O Rc8 10. a3 Bxc3 11. bxc3 Qc7 12. h3 h5 13. Qe2 Na5 14. Ra2 Nc4 15.
Nd2 d5 16. e5 Nxd2 17. Bxd2 Ne4 18. Rc2 g5 19. Bxe4 dxe4 20. Bxg5 Qc6 21. Be3
Qa4 22. Ra1 Ba6 23. Qe1 Bd3 24. Rb2 Qa5 25. Bd2 Qd5 26. Qe3 Rg8 27. Kh2 Rg6 28.
f4 exf3 29. gxf3 Ba6 30. Rg1 Bb7 31. Rxg6 fxg6 32. Qg5 Qxf3 33. Qxg6+ Kd7 34.
Qg7+ Kc6 35. Qf6 Qe2+ 36. Kg3 Rg8+ 37. Bg5 Rxg5+ 38. Qxg5 Qxb2 39. d5+ Kb5 40.
a4+ Ka5 41. Qe3 Bxd5 42. Kh4 Qg2 43. Kxh5 Qf3+ 44. Qxf3 Bxf3+ 45. Kg5 Be4 46.
h4 Kxa4 47. h5 Kb3 48. h6 a5 49. Kf6 a4 50. Kxe6 a3 51. Kd6 a2 52. e6 a1=Q 0-1

[Event "12. Lovsprings EMT Basis 1 2001"]
[Site "Ringsted"]
[Date "2001.03.16"]
[Round "3"]
[White "Hansen, Morten Lyck"]
[Black "Jensen, Karsten"]
[Result "0-1"]
[WhiteElo "1748"]
[BlackElo "1727"]
[PlyCount "62"]
[EventDate "2001.??.??"]

1. d4 Nf6 2. c4 c5 3. e3 e6 4. Nf3 b6 5. Nc3 Bb7 6. d5 exd5 7. cxd5 g6 8. e4
Bg7 9. Be2 O-O 10. Bg5 h6 11. Bh4 d6 12. O-O Re8 13. Nd2 a6 14. a4 a5 15. f4
Nbd7 16. Bd3 Qc8 17. Nc4 Qb8 18. Bg3 Nh5 19. Bh4 Ba6 20. Nb5 Bxb5 21. axb5 Bd4+
22. Kh1 Ndf6 23. Qc2 Ra7 24. Rae1 Kg7 25. Nxd6 Qxd6 26. e5 Bxe5 27. fxe5 Rxe5
28. Rxe5 Qxe5 29. Re1 Qxd5 30. Bc4 Qd4 31. Rd1 Qxh4 0-1

[Event "12. Lovsprings EMT Basis 1 2001"]
[Site "Ringsted"]
[Date "2001.03.16"]
[Round "3"]
[White "Holst, Peter Stein"]
[Black "Nielsen, Carl Otto"]
[Result "1-0"]
[WhiteElo "1842"]
[BlackElo "1718"]
[PlyCount "85"]
[EventDate "2001.??.??"]

1. e4 c5 2. Nf3 Nc6 3. d4 cxd4 4. Nxd4 e6 5. Nc3 a6 6. Be3 Nge7 7. Bd3 Nxd4 8.
Bxd4 Nc6 9. Be3 b5 10. O-O Bb7 11. Qh5 g6 12. Qh3 Bg7 13. f4 O-O 14. f5 Ne5 15.
Bh6 Bxh6 16. Qxh6 Ng4 17. Qf4 Qb6+ 18. Kh1 exf5 19. exf5 Ne3 20. Rf2 Rae8 21.
Rg1 h5 22. Nd1 Ng4 23. Rff1 Kh7 24. h3 Nf6 25. Qg5 Ne4 26. fxg6+ fxg6 27. Bxe4
Bxe4 28. Rxf8 Rxf8 29. Qe7+ Kg8 30. Qxe4 Qd6 31. Qd3 Qe6 32. Qb3 Rf6 33. Qxe6+
Rxe6 34. c3 d5 35. Kh2 Re2 36. Kg3 g5 37. Kf3 Re5 38. Ne3 a5 39. Rd1 g4+ 40.
hxg4 hxg4+ 41. Nxg4 Rf5+ 42. Kg3 b4 43. cxb4 1-0

[Event "12. Lovsprings EMT Basis 1 2001"]
[Site "Ringsted"]
[Date "2001.03.23"]
[Round "4"]
[White "Rasmussen, Henning"]
[Black "Jensen, Karsten"]
[Result "1-0"]
[WhiteElo "1846"]
[BlackElo "1727"]
[PlyCount "91"]
[EventDate "2001.??.??"]

1. d4 Nf6 2. Nf3 d5 3. c4 Bf5 4. Nc3 e6 5. e3 Bb4 6. Qb3 Bxc3+ 7. bxc3 O-O 8.
Ba3 Re8 9. Be2 Nbd7 10. O-O dxc4 11. Bxc4 Nb6 12. Be2 Ne4 13. c4 g5 14. Rad1
Nd7 15. Nd2 Ndf6 16. Nxe4 Bxe4 17. f3 Bc6 18. Bb2 b6 19. Bd3 Rb8 20. e4 b5 21.
c5 a5 22. Bb1 a4 23. Qe3 Nh5 24. g3 f5 25. d5 exd5 26. Qd4 Kf7 27. exd5 Bd7 28.
g4 Nf6 29. gxf5 b4 30. Be4 g4 31. d6 c6 32. Bd3 Rg8 33. Rde1 gxf3+ 34. Kh1 Nd5
35. Rxf3 Qg5 36. Rg3 Qh6 37. Reg1 Rxg3 38. Rxg3 Rg8 39. Rxg8 Kxg8 40. Qg4+ Kf7
41. Bc4 a3 42. Bxd5+ cxd5 43. Bd4 Qc1+ 44. Kg2 Qd2+ 45. Kh3 Qh6+ 46. Kg3 1-0

[Event "12. Lovsprings EMT Basis 1 2001"]
[Site "Ringsted"]
[Date "2001.03.23"]
[Round "4"]
[White "Holst, Peter Stein"]
[Black "Henriksen, Kasper"]
[Result "0-1"]
[WhiteElo "1842"]
[BlackElo "1818"]
[PlyCount "76"]
[EventDate "2001.??.??"]

1. e4 d6 2. d4 Nf6 3. Nc3 g6 4. f3 Nbd7 5. Be3 Bg7 6. Qd2 c6 7. Bh6 O-O 8.
O-O-O Qa5 9. Kb1 Bxh6 10. Qxh6 c5 11. g4 cxd4 12. Rxd4 Ne5 13. h4 Be6 14. Bg2
Rac8 15. Nge2 b5 16. h5 b4 17. Nd5 Bxd5 18. Rxd5 Rc5 19. Rxc5 Qxc5 20. hxg6
fxg6 21. Nf4 Nf7 22. Qh2 Rc8 23. Bf1 Ng5 24. Nd5 Nxd5 25. exd5 Qxd5 26. Bd3
Qxf3 27. Qh6 Rf8 28. b3 Rf6 29. Rh4 Qf4 30. Bc4+ e6 31. Rh1 Qxg4 32. Qh2 Qf4
33. Qg1 Nf3 34. Qxa7 Nd2+ 35. Kb2 Qe5+ 36. Kc1 Qa1+ 37. Kxd2 Qxh1 38. Qb8+ Kg7
0-1

[Event "12. Lovsprings EMT Basis 1 2001"]
[Site "Ringsted"]
[Date "2001.03.23"]
[Round "4"]
[White "Holst, John"]
[Black "Hansen, Morten Lyck"]
[Result "1-0"]
[WhiteElo "1711"]
[BlackElo "1748"]
[PlyCount "85"]
[EventDate "2001.??.??"]

1. e3 e5 2. b3 Nc6 3. c4 Bc5 4. Bb2 Nf6 5. Nc3 O-O 6. Rc1 d6 7. Bd3 Bg4 8. Nge2
Re8 9. Bb1 e4 10. h3 Bh5 11. g4 Bg6 12. Nf4 Ne5 13. Nxg6 Nf3+ 14. Ke2 fxg6 15.
Nxe4 Nxe4 16. Kxf3 Ng5+ 17. Ke2 Qd7 18. d4 Bb6 19. c5 Ba5 20. Bc3 Bxc3 21. Rxc3
Rf8 22. f4 Ne6 23. cxd6 Qxd6 24. f5 gxf5 25. gxf5 Ng5 26. h4 Nf7 27. Qc2 Qg3
28. Qe4 Rae8 29. Qf3 Qd6 30. Rg1 Qxd4 31. Rc4 Qf6 32. Rxc7 Nd6 33. Rgxg7+ Qxg7
34. Rxg7+ Kxg7 35. Qg3+ Kh8 36. Qxd6 Rd8 37. Qe5+ Kg8 38. f6 Rf7 39. Bd3 Rfd7
40. Bc4+ Kf8 41. Qc5+ Rd6 42. e4 b6 43. Qa3 1-0

[Event "12. Lovsprings EMT Basis 1 2001"]
[Site "Ringsted"]
[Date "2001.03.23"]
[Round "4"]
[White "Madsen, Morten"]
[Black "Nielsen, Carl Otto"]
[Result "1/2-1/2"]
[WhiteElo "1868"]
[BlackElo "1718"]
[PlyCount "52"]
[EventDate "2001.??.??"]

1. d4 Nf6 2. Bg5 d5 3. Bxf6 exf6 4. e3 Bd6 5. Bd3 c6 6. c3 Be6 7. Nd2 Qa5 8.
Qc2 g6 9. Ne2 Nd7 10. b4 Qc7 11. a4 f5 12. g3 Nf6 13. Qb2 Ne4 14. Nf3 f6 15.
Rc1 Qf7 16. Nfg1 Bc7 17. f3 Nd6 18. Nf4 O-O 19. Nge2 Rae8 20. O-O Nc4 21. Bxc4
dxc4 22. Rce1 Bd5 23. Qd2 g5 24. Nxd5 cxd5 25. f4 g4 26. Nc1 Re4 1/2-1/2

[Event "12. Lovsprings EMT Basis 1 2001"]
[Site "Ringsted"]
[Date "2001.03.20"]
[Round "4"]
[White "Mortensen, Orla Lind"]
[Black "Olsen, Morten Henrik"]
[Result "1-0"]
[WhiteElo "1660"]
[BlackElo "1735"]
[PlyCount "77"]
[EventDate "2001.??.??"]

1. e4 c5 2. Nf3 Nc6 3. d4 cxd4 4. Nxd4 Nf6 5. Nc3 g6 6. Be3 d6 7. Bc4 Bg7 8.
O-O Bd7 9. f3 O-O 10. Nd5 Na5 11. Bd3 Nxd5 12. exd5 b6 13. c3 Rc8 14. Qe2 e5
15. Nb5 Bxb5 16. Bxb5 f5 17. b4 Nb7 18. Bc6 Rc7 19. Qd2 f4 20. Bf2 Qf6 21. a4
Nd8 22. a5 bxa5 23. Rxa5 Qe7 24. Rfa1 Rf7 25. b5 Nxc6 26. dxc6 e4 27. fxe4 Qxe4
28. Re1 Qc4 29. Re8+ Rf8 30. Rxf8+ Bxf8 31. Qa2 d5 32. Qxc4 dxc4 33. Ra4 Bd6
34. Rxc4 Kf7 35. Ra4 Ke6 36. c4 Ke5 37. Rxa7 Rxa7 38. Bxa7 Bb4 39. c7 1-0

[Event "12. Lovsprings EMT Basis 1 2001"]
[Site "Ringsted"]
[Date "2001.03.30"]
[Round "5"]
[White "Jensen, Karsten"]
[Black "Holst, Peter Stein"]
[Result "0-1"]
[WhiteElo "1727"]
[BlackElo "1842"]
[PlyCount "90"]
[EventDate "2001.??.??"]

1. d4 d5 2. Nf3 c6 3. e3 Nf6 4. c4 e6 5. Qc2 Bd6 6. Nc3 Nbd7 7. c5 Bc7 8. b4 a6
9. Bb2 O-O 10. Bd3 e5 11. dxe5 Nxe5 12. Nd4 Nxd3+ 13. Qxd3 Re8 14. h3 Ne4 15.
Nxe4 Rxe4 16. O-O-O Qe8 17. Rhe1 Bd7 18. f3 Re7 19. a4 f6 20. a5 Bf4 21. Kd2
Bh6 22. g4 Qf7 23. f4 Rae8 24. Nc2 Re4 25. Bd4 g6 26. Rf1 f5 27. g5 Bg7 28.
Bxg7 Qxg7 29. Nd4 Qe7 30. Rf3 Be6 31. h4 Bf7 32. h5 Qd7 33. hxg6 Bxg6 34. Qc3
Bh5 35. Rdf1 Bxf3 36. Rxf3 R8e7 37. Rh3 Rg7 38. Nf3 Qe8 39. Ne5 Rxg5 40. fxg5
Qxe5 41. Qxe5 Rxe5 42. Rh4 Re4 43. Rf4 Kg7 44. Rxf5 Rxb4 45. Re5 Re4 0-1

[Event "12. Lovsprings EMT Basis 1 2001"]
[Site "Ringsted"]
[Date "2001.03.30"]
[Round "5"]
[White "Olsen, Morten Henrik"]
[Black "Nielsen, Carl Otto"]
[Result "1-0"]
[WhiteElo "1735"]
[BlackElo "1718"]
[PlyCount "105"]
[EventDate "2001.??.??"]

1. e4 c5 2. Nf3 Nc6 3. d4 cxd4 4. Nxd4 e6 5. Nxc6 bxc6 6. Qd4 d5 7. exd5 cxd5
8. c4 Nf6 9. c5 Qa5+ 10. b4 Qc7 11. Bf4 Qb7 12. a4 a6 13. Be2 Bd7 14. O-O Rc8
15. Rc1 Be7 16. Nd2 O-O 17. b5 axb5 18. axb5 Ne4 19. Nxe4 dxe4 20. c6 Bxc6 21.
bxc6 Rxc6 22. Be5 f6 23. Rxc6 Qxc6 24. Qc3 Qb7 25. Qc7 Qb4 26. Bc3 Qc5 27. Ra7
Qxc7 28. Rxc7 Bd6 29. Rd7 Bf4 30. g3 Rc8 31. Bxf6 gxf6 32. gxf4 Rc1+ 33. Bf1 f5
34. Re7 Rc6 35. Bb5 Rc1+ 36. Kg2 Rc5 37. Bd7 e5 38. Bxf5 exf4 39. Bxh7+ Kf8 40.
Rxe4 Rg5+ 41. Kf3 Rh5 42. Rxf4+ Kg7 43. Be4 Rxh2 44. Rg4+ Kf6 45. Kg3 Rh8 46.
Kf4 Rh6 47. Ke3 Ke5 48. f4+ Kf6 49. Kd4 Rh2 50. Rg6+ Kf7 51. f5 Rh4 52. Ke5 Ke7
53. Bd5 1-0

[Event "12. Lovsprings EMT Basis 1 2001"]
[Site "Ringsted"]
[Date "2001.03.30"]
[Round "5"]
[White "Henriksen, Kasper"]
[Black "Rasmussen, Henning"]
[Result "0-1"]
[WhiteElo "1818"]
[BlackElo "1846"]
[PlyCount "82"]
[EventDate "2001.??.??"]

1. d4 d5 2. c4 dxc4 3. Nf3 c5 4. e4 cxd4 5. Bxc4 e6 6. Qxd4 Bb4+ 7. Bd2 Bxd2+
8. Nbxd2 Qxd4 9. Nxd4 a6 10. Rc1 Bd7 11. f4 Nc6 12. N2f3 Nxd4 13. Nxd4 Ne7 14.
Kf2 Nc6 15. Nb3 b6 16. Rhd1 Ke7 17. Ke3 Rhd8 18. Rd2 Be8 19. Rxd8 Kxd8 20. a4
a5 21. Bb5 Rc8 22. Nd4 Na7 23. Rxc8+ Nxc8 24. e5 Na7 25. g4 Bxb5 26. axb5 Kd7
27. h4 Ke7 28. h5 Kd7 29. b3 Nc8 30. Nf3 h6 31. Nd2 Na7 32. Nc4 Nc8 33. f5 Ke7
34. Kf4 f6 35. Ke4 Kd7 36. Ne3 Ke7 37. fxe6 Kxe6 38. exf6 Nd6+ 39. Kf4 gxf6 40.
Nf5 Nxf5 41. gxf5+ Kd5 0-1

[Event "12. Lovsprings EMT Basis 1 2001"]
[Site "Ringsted"]
[Date "2001.03.30"]
[Round "5"]
[White "Hansen, Morten Lyck"]
[Black "Mortensen, Orla Lind"]
[Result "0-1"]
[WhiteElo "1748"]
[BlackElo "1660"]
[PlyCount "86"]
[EventDate "2001.??.??"]

1. e4 e6 2. d4 d5 3. Nd2 Nf6 4. e5 Nfd7 5. Bd3 c5 6. c3 Nc6 7. Ne2 c4 8. Bc2
Be7 9. O-O f5 10. Nf4 Nf8 11. b3 b5 12. bxc4 bxc4 13. Qf3 Bd7 14. Ba4 Nxe5 15.
Bxd7+ Nexd7 16. Re1 Nf6 17. Nxe6 Nxe6 18. Rxe6 O-O 19. Qxf5 Ne4 20. Qe5 Bd6 21.
Qh5 Nxf2 22. Nf3 Ne4 23. Ng5 Nxg5 24. Bxg5 Qd7 25. Rae1 Rab8 26. Qe2 Qc7 27. g3
a5 28. Be7 Bxe7 29. Rxe7 Qd6 30. Re6 Qd7 31. Re7 Qd6 32. Qe6+ Qxe6 33. R7xe6 a4
34. R6e2 a3 35. Rc1 Rb5 36. Rcc2 Rfb8 37. Kf2 Rb2 38. Rcd2 Rxd2 39. Rxd2 Rb2
40. Ke2 Kf7 41. Kd1 Rb1+ 42. Kc2 Ra1 43. Rd1 Rxa2+ 0-1

[Event "12. Lovsprings EMT Basis 1 2001"]
[Site "Ringsted"]
[Date "2001.03.30"]
[Round "5"]
[White "Madsen, Morten"]
[Black "Holst, John"]
[Result "1-0"]
[WhiteElo "1868"]
[BlackElo "1711"]
[PlyCount "61"]
[EventDate "2001.??.??"]

1. e4 e6 2. d4 b6 3. Bf4 Bb7 4. Bd3 Nf6 5. Nd2 c5 6. c3 cxd4 7. cxd4 Bb4 8. f3
Nh5 9. Bxb8 Qxb8 10. g3 g5 11. a3 Be7 12. Ne2 Ng7 13. Rc1 h5 14. Qc2 Bd8 15. e5
g4 16. Be4 gxf3 17. Nxf3 Nf5 18. Qd3 a5 19. Bxf5 exf5 20. Qxf5 Bd5 21. Nc3 Be6
22. Qe4 Rg8 23. Nb5 Rg4 24. Qd3 Bd5 25. Nd6+ Kf8 26. O-O Bc7 27. Nb5 Bd8 28.
Qh7 Qb7 29. Nd6 Qa6 30. Qxh5 Bg5 31. Nxg5 1-0

[Event "12. Lovsprings EMT Basis 1 2001"]
[Site "Ringsted"]
[Date "2001.04.20"]
[Round "6"]
[White "Rasmussen, Henning"]
[Black "Madsen, Morten"]
[Result "1-0"]
[WhiteElo "1846"]
[BlackElo "1868"]
[PlyCount "89"]
[EventDate "2001.??.??"]

1. d4 c5 2. d5 d6 3. e4 g6 4. Bd2 Bg7 5. Bc3 Nf6 6. Nd2 O-O 7. Be2 Bd7 8. f4 b5
9. Bxf6 Bxf6 10. c3 a5 11. Ngf3 Qc7 12. O-O c4 13. Kh1 Na6 14. Qe1 Nc5 15. Qg3
Kh8 16. Ng5 Bxg5 17. fxg5 f5 18. gxf6 exf6 19. Qe3 Rae8 20. Rf2 Qd8 21. b3 cxb3
22. axb3 Qe7 23. Bf3 Ra8 24. b4 axb4 25. Rxa8 Rxa8 26. cxb4 Na6 27. Qa3 Qe5 28.
Nf1 Qd4 29. Qb2 Qxb2 30. Rxb2 Rc8 31. Be2 Kg7 32. Ra2 Nxb4 33. Ra7 Rd8 34. Bxb5
f5 35. exf5 Kf6 36. Rxd7 Rxd7 37. Bxd7 gxf5 38. Bc6 f4 39. Kg1 Ke5 40. Kf2 h5
41. Kf3 Nd3 42. Nd2 Ne1+ 43. Kf2 Nd3+ 44. Ke2 Nc1+ 45. Kf3 1-0

[Event "12. Lovsprings EMT Basis 1 2001"]
[Site "Ringsted"]
[Date "2001.04.20"]
[Round "6"]
[White "Nielsen, Carl Otto"]
[Black "Jensen, Karsten"]
[Result "1/2-1/2"]
[WhiteElo "1718"]
[BlackElo "1727"]
[PlyCount "88"]
[EventDate "2001.??.??"]

1. d4 d5 2. Nf3 e6 3. c4 c6 4. Nc3 f5 5. Bg5 Be7 6. Bxe7 Nxe7 7. e3 Ng6 8. g3
Nd7 9. cxd5 exd5 10. Bg2 Nf6 11. O-O h5 12. h4 Ng4 13. Ng5 O-O 14. Ne2 Re8 15.
Qd3 Qd6 16. Nf4 Nxf4 17. gxf4 Re7 18. Bh3 Bd7 19. Bxg4 hxg4 20. Kg2 Rae8 21.
Rh1 Rf8 22. Rh2 Rf6 23. Kg3 Rg6 24. Rc1 Qb4 25. Qc3 Qb5 26. f3 gxf3 27. Kxf3 b6
28. b4 Qa6 29. Qb3 Qb7 30. Kf2 Kf8 31. Nf3 Rh6 32. Ne5 Ree6 33. Qd3 Rh5 34. Rg1
Reh6 35. Nf3 Be8 36. Rhg2 g6 37. Rg5 Qe7 38. Rxh5 Rxh5 39. a3 Kg7 40. Rg5 Kh6
41. Qc2 Qe4 42. Rxh5+ Kxh5 43. Qd1 Kh6 44. Qg1 Qc2+ 1/2-1/2

[Event "12. Lovsprings EMT Basis 1 2001"]
[Site "Ringsted"]
[Date "2001.04.20"]
[Round "6"]
[White "Olsen, Morten Henrik"]
[Black "Hansen, Morten Lyck"]
[Result "1/2-1/2"]
[WhiteElo "1735"]
[BlackElo "1748"]
[PlyCount "132"]
[EventDate "2001.??.??"]

1. e4 c6 2. d4 d5 3. Nc3 dxe4 4. Nxe4 Bf5 5. Ng3 Bg6 6. h4 h6 7. Nh3 Nf6 8. Nf4
Bh7 9. c3 e6 10. Qb3 Qc8 11. Bd3 Bxd3 12. Nxd3 Bd6 13. O-O O-O 14. Bf4 Bxf4 15.
Nxf4 Qc7 16. Nge2 Nbd7 17. Rfe1 Nd5 18. Nxd5 exd5 19. Ng3 Nf6 20. Re5 Ng4 21.
Re2 Rfe8 22. Rae1 Rxe2 23. Rxe2 Qd7 24. Qd1 Nf6 25. Qe1 Re8 26. Re5 Rxe5 27.
dxe5 Ne8 28. Qe2 Nc7 29. Qf3 Ne6 30. Nh5 Nf8 31. Qg3 Ng6 32. Qe3 Qf5 33. Ng3
Qxe5 34. Qxa7 Nxh4 35. Qxb7 Qe1+ 36. Nf1 Qe4 37. Qb8+ Kh7 38. Qg3 Nf5 39. Qh3
c5 40. g4 Nd6 41. Qg3 Nc4 42. b3 Ne5 43. Nh2 d4 44. cxd4 cxd4 45. f4 Ng6 46. f5
Nf4 47. Qf3 Qe1+ 48. Nf1 Qe5 49. Kf2 d3 50. Qe3 Qd6 51. Nd2 Ne2 52. Ke1 Nf4 53.
Qe4 f6 54. Kd1 Nh3 55. Qe3 Nf4 56. Nc4 Qc7 57. a4 Qb8 58. b4 Nd5 59. Qxd3 Nxb4
60. Qd6 Qb7 61. Qe6 Qh1+ 62. Kd2 Qg2+ 63. Qe2 Qd5+ 64. Kc3 Nc6 65. Qd3 Qc5 66.
Qd6 Qxd6 1/2-1/2